Saibaba's Invaluable Message/ (Record no. 192386)

MARC details
000 -LEADER
fixed length control field 00627nam a22001937a 4500
005 - DATE AND TIME OF LATEST TRANSACTION
control field 20220920151134.0
010 ## - LCCN (DPL NO)
LC control number ENG-135145
020 ## - INTERNATIONAL STANDARD BOOK NUMBER
International Standard Book Number 9789387678460
Terms of availability 150.00
035 ## - SYSTEM CONTROL NUMBER
System control number EN-118677
037 ## - SOURCE OF ACQUISITION
Source of stock number/acquisition DBAD / PUB
082 ## - DEWEY DECIMAL CLASSIFICATION NUMBER
Classification number 230.1
245 ## - TITLE STATEMENT
Title Saibaba's Invaluable Message/
Statement of responsibility, etc Edited by Nandkumar Fulchand Yewale; Translation by Anuradha Gupte
260 ## - PUBLICATION, DISTRIBUTION, ETC. (IMPRINT)
Place of publication, distribution, etc Pune
Name of publisher, distributor, etc Continental Prakashan
Date of publication, distribution, etc 2020
270 ## - ADDRESS
City Pune
Address 2159/2, Vijaynagar, Pune
Postal code 411030
Fax number 020-24337982
300 ## - PHYSICAL DESCRIPTION
Extent 152p.
Dimensions 22cm(pbk).
700 ## - ADDED ENTRY--PERSONAL NAME
Personal name Yewale, Nandkaumar Fulchand
700 ## - ADDED ENTRY--PERSONAL NAME
Personal name Gupte, Anuradha
942 ## - ADDED ENTRY ELEMENTS (KOHA)
Source of classification or shelving scheme Dewey Decimal Classification
Item type English Books
Call number suffix YEW
Classification part 230.1
Holdings
Withdrawn status Lost status Not for loan Collection code Home library Current library Date acquired Source of acquisition Cost, normal purchase price Full call number Barcode Copy number Cost, replacement price Koha item type
      Fiction Bawana Bawana 20/09/2022 DBAD/PUB 150.00 230.1 YEW EN-118677 1 150.00 English Books

© Delhi Public Library
Hit Counter
free hit counter